| 000 | 01457cam a2200337 4500 | ||
|---|---|---|---|
| 002 | 8171 | ||
| 008 | 040913n2004 000 0 eng u | ||
| 020 | _a0421862408 | ||
| 035 | _a(Sirsi) u127323 | ||
| 041 | _aeng | ||
| 050 |
_a347.09 _c18 |
||
| 100 | _aRedfern, Alan | ||
| 245 | _aLaw and practice of international commercial arbitration | ||
| 250 | _a4th ed. | ||
| 260 |
_aLondon _bSweet and Maxwell _c2004 |
||
| 300 |
_alviii, 659p. _c25cm. |
||
| 350 | _a199 | ||
| 520 | _aThe fourth edition of this detailed text on international commercial arbitration covers: key elements of international arbitration; applicable laws; arbitration clauses and submission agreements; arbitration tribunals; the conduct of proceedings and the role of national courts; arbitration awards; and arbitration under investment treaties. Includes references to cases, statutes, arbitration awards, major arbitration conventions, international arbitration rules, civil codes and treaties. | ||
| 590 | _aNB | ||
| 590 | _aNB | ||
| 650 | _aCOMMERCIAL ARBITRATION | ||
| 650 | _aMANAGEMENT-DISPUTE AVOIDANCE, MANAGEMENT AND RESOLUTION-DISPUTE MANAGEMENT AND RESOLUTION-ARBITRATION | ||
| 650 | _aALTERNATIVE DISPUTE RESOLUTION | ||
| 650 | _aARBITRATION AWARDS | ||
| 650 | _aCOMMERCIAL DISPUTE RESOLUTION | ||
| 690 |
_aDispute resolution _96236 |
||
| 700 | _aHunter, Martin | ||
| 700 | _aBlackaby, Nigel | ||
| 700 | _aPartasides, Constantine | ||
| 942 | _n0 | ||
| 999 |
_c103733 _d103733 |
||